000 00639nam a2200217 a 4500
008
020 _a013725623x (pbk.)
090 _aQA767.73
100 1 _aMeyers, Richard A.
245 1 0 _aPascal: The Software Fundamentals of Computer Science /
_b Richard A. Meyers
260 _aEnglewood Cliffs :
_bPrentice-Hall ;
_c1992
300 _axxvii, 963 p.
_bill(some col.). ;
_c24 cm.
500 _aIncludes index
650 1 _aComputer
907 _a.b10198519
_b12-04-06
_c11-04-06
003
005 20230123134206.0
040 _cNUST
049 _aMAIN
942 _cBOOKS
_kQA767.73
999 _c161624
_d161624